| 000 | 00872nac a22002171u 4500 | ||
|---|---|---|---|
| 010 | _a 94039096 | ||
| 020 | _a0673993787 | ||
| 082 | 0 | 0 |
_a005.265 _bNIC |
| 090 |
_c7085 _d7085 |
||
| 100 | _aNickerson, Robert C., | ||
| 245 | 1 | 0 |
_aFundamentals of QBasic programming : _bproblem solving and application development / _cRobert C. Nickerson. |
| 260 |
_aNew York : _bHarperCollinsCollege,c1995. _cc1995. |
||
| 300 |
_axv, 401 p. : _bill. ; _c28 cm. + _e1 computer disk (3 1/2 in.) |
||
| 500 | _aIncludes Instructor's manual and transparency masters, c1995: (131, 84 p.). | ||
| 500 | _aIncludes index. | ||
| 500 | _aDistributer: Al-Ahram. | ||
| 511 | _aCatalogued By: Mahitab. | ||
| 538 | _aSystem requirements for accompanying computer disk: MS-DOS QBasic. | ||
| 650 | 0 | _aQBasic (Computer program language) | |
| 942 |
_cBB _k005.265NIC |
||
| 999 |
_c7085 _d7085 |
||